[Event "27. Torneo San Viator 2016 - Troneo B"]
[Site "Madrid ESP"]
[Date "2016.09.25"]
[Round "1.26"]
[White "Amador Andujar, Alfredo"]
[Black "Palomares Cortez, Facundo Seba"]
[Result "0-1"]
[WhiteElo "1575"]
[BlackElo "1184"]
[PlyCount "114"]
[EventDate "2016.09.25"]
[EventType "swiss"]
[EventRounds "9"]
[EventCountry "ESP"]
[Source "lmi"]
[SourceDate "2016.09.25"]

1. e4 e5 2. Nf3 Nc6 3. Bb5 a6 4. Ba4 Nf6 5. c3 Be7 6. O-O b5 7. Bc2 O-O 8. d3
d5 9. exd5 Nxd5 10. Re1 Bd6 11. Bb3 Nde7 12. Nbd2 Be6 13. Bxe6 fxe6 14. Ne4 Ng6
15. Qb3 Qd7 16. Neg5 Rf6 17. Ne4 Rff8 18. Nfg5 Rae8 19. Bd2 Na5 20. Qc2 Nc6 21.
b4 h6 22. Nf3 Nf4 23. a4 Kh8 24. axb5 axb5 25. Ra6 Ra8 26. Rea1 Rxa6 27. Rxa6
Kh7 28. Bxf4 exf4 29. d4 Kh8 30. Qe2 Ne7 31. Nxd6 cxd6 32. Rb6 Nd5 33. Qxb5
Nxb6 34. Qxb6 Qd8 35. Qxd8 Rxd8 36. Nd2 e5 37. Nf3 g5 38. h3 e4 39. Nd2 d5 40.
Kf1 Kg7 41. Ke2 Kf6 42. Nb1 Ra8 43. Nd2 Ra2 44. Kd1 Ra1+ 45. Kc2 Ra2+ 46. Kc1
e3 47. fxe3 fxe3 48. Nf3 Rxg2 49. b5 Ke7 50. b6 Kd7 51. Ne5+ Kc8 52. c4 dxc4
53. Nxc4 Rg1+ 54. Kc2 e2 55. Nd6+ Kb8 56. Kd2 e1=Q+ 57. Kd3 Qb1+ 0-1

[Event "27. Torneo San Viator 2016 - Troneo B"]
[Site "Madrid ESP"]
[Date "2016.09.25"]
[Round "1.27"]
[White "Furones Diez, Jose Luis"]
[Black "Salgado Duarte, Pablo"]
[Result "0-1"]
[WhiteElo "1173"]
[BlackElo "1571"]
[PlyCount "88"]
[EventDate "2016.09.25"]
[EventType "swiss"]
[EventRounds "9"]
[EventCountry "ESP"]
[Source "lmi"]
[SourceDate "2016.09.25"]

1. e4 e5 2. Nf3 Nc6 3. Nc3 Nf6 4. Bc4 Be7 5. Nd5 Nxe4 6. Nxe7 Qxe7 7. O-O Nf6
8. d3 h6 9. c3 O-O 10. Be3 d6 11. d4 e4 12. Nd2 d5 13. Bb3 Be6 14. c4 Na5 15.
cxd5 Nxb3 16. Nxb3 Bxd5 17. Bd2 b6 18. Qe1 Qe6 19. Rc1 Rfc8 20. Bf4 c6 21. Ra1
Bc4 22. Be5 Bxf1 23. Kxf1 c5 24. Bxf6 Qxf6 25. Qxe4 Re8 26. Qd5 Rad8 27. Qb7
Qe6 28. g3 Re7 29. Qf3 Rde8 30. Kg2 cxd4 31. Nxd4 Qe4 32. Nf5 Qxf3+ 33. Kxf3
Re1 34. Rxe1 Rxe1 35. Nd4 Ra1 36. Nc6 Rxa2 37. b4 a5 38. bxa5 bxa5 39. h4 a4
40. g4 a3 41. g5 hxg5 42. hxg5 Ra1 43. Kg4 a2 44. Nb4 Rg1+ 0-1

[Event "27. Torneo San Viator 2016 - Troneo B"]
[Site "Madrid ESP"]
[Date "2016.09.25"]
[Round "1.28"]
[White "Alameda Arellano, Cristeto"]
[Black "Periotto Miori, Caterina"]
[Result "1-0"]
[WhiteElo "1550"]
[BlackElo "1151"]
[PlyCount "61"]
[EventDate "2016.09.25"]
[EventType "swiss"]
[EventRounds "9"]
[EventCountry "ESP"]
[Source "lmi"]
[SourceDate "2016.09.25"]

1. d4 d5 2. c4 e6 3. Nc3 Nf6 4. Nf3 Be7 5. Bg5 O-O 6. e3 Nbd7 7. Bd3 b6 8. Rc1
Bb7 9. O-O Rc8 10. cxd5 Nxd5 11. Bxe7 Nxe7 12. Qe2 Rb8 13. Bb1 Nf6 14. Rfd1 h6
15. e4 a6 16. Qc2 Ng6 17. h3 h5 18. Ng5 Nh7 19. Nxe6 fxe6 20. e5 Qe8 21. Qxg6
Qxg6 22. Bxg6 Rfd8 23. b4 Nf8 24. Bxh5 Nd7 25. Bg4 Re8 26. Ne2 Rbc8 27. Nf4 Nf8
28. d5 c6 29. dxe6 Ra8 30. Rd6 Nh7 31. e7 1-0

[Event "27. Torneo San Viator 2016 - Troneo B"]
[Site "Madrid ESP"]
[Date "2016.09.25"]
[Round "1.29"]
[White "Amador Andujar, Gabriel"]
[Black "Alcojor Patilla, Antonio"]
[Result "0-1"]
[WhiteElo "1124"]
[BlackElo "1521"]
[PlyCount "76"]
[EventDate "2016.09.25"]
[EventType "swiss"]
[EventRounds "9"]
[EventCountry "ESP"]
[Source "lmi"]
[SourceDate "2016.09.25"]

1. e4 d6 2. Bc4 Nf6 3. d3 g6 4. Bg5 Bg7 5. Nh3 O-O 6. Nd2 c5 7. Nf3 Nc6 8. O-O
a6 9. Bxf6 exf6 10. c3 Re8 11. Re1 Qb6 12. d4 Qxb2 13. e5 fxe5 14. Nfg5 Be6 15.
Nxe6 fxe6 16. Ng5 d5 17. Bb3 Qxc3 18. Rc1 Qxd4 19. Qf3 Qf4 20. Qxf4 exf4 21.
Rxe6 c4 22. Rce1 Rxe6 23. Rxe6 cxb3 24. axb3 Rd8 25. Re2 Nd4 26. Rd2 Re8 27. h3
Re2 28. Rd3 Rb2 29. Rc3 Ne2+ 30. Kh2 Bxc3 31. Ne6 Be5 32. Nc5 f3+ 33. g3 Nxg3
34. h4 Rxf2+ 35. Kh3 h5 36. Nd3 Re2 37. b4 Nf5 38. Nxe5 Rxe5 0-1

[Event "27. Torneo San Viator 2016 - Troneo B"]
[Site "Madrid ESP"]
[Date "2016.09.25"]
[Round "1.30"]
[White "Garcia Rojas, Juan Carlos"]
[Black "Vicioso Barbadillo, Juan J"]
[Result "1-0"]
[WhiteElo "1514"]
[BlackElo "1100"]
[PlyCount "65"]
[EventDate "2016.09.25"]
[EventType "swiss"]
[EventRounds "9"]
[EventCountry "ESP"]
[Source "lmi"]
[SourceDate "2016.09.25"]

1. e4 e6 2. d4 d5 3. e5 c5 4. c3 Qb6 5. Nf3 g6 6. Qc2 Bd7 7. Be3 Nh6 8. h3 Nf5
9. b3 Nxe3 10. fxe3 Nc6 11. Be2 Bh6 12. Qd3 cxd4 13. exd4 O-O-O 14. b4 Ne7 15.
a4 Qc6 16. Nbd2 Nf5 17. b5 Qc7 18. O-O Ng3 19. Rfc1 Nxe2+ 20. Qxe2 Rdf8 21. c4
Kb8 22. cxd5 Qd8 23. d6 f6 24. Rc7 Rf7 25. Rac1 Bxd2 26. Nxd2 fxe5 27. dxe5
Rhf8 28. Ne4 h5 29. Nf6 Rxf6 30. exf6 Qxf6 31. Rxd7 Qd4+ 32. Kh1 Qf6 33. Qe4
1-0

[Event "27. Torneo San Viator 2016 - Troneo B"]
[Site "Madrid ESP"]
[Date "2016.09.25"]
[Round "1.31"]
[White "Coronado Riscos, Hector"]
[Black "Krause Llorente, Paul"]
[Result "0-1"]
[WhiteElo "1034"]
[BlackElo "1510"]
[PlyCount "90"]
[EventDate "2016.09.25"]
[EventType "swiss"]
[EventRounds "9"]
[EventCountry "ESP"]
[Source "lmi"]
[SourceDate "2016.09.25"]

1. d4 d5 2. Nf3 Bf5 3. Bg5 Nd7 4. e3 h6 5. Bh4 g5 6. Bg3 e6 7. Nbd2 Ngf6 8. c4
c6 9. c5 Ne4 10. Nxe4 Bxe4 11. Bd3 Qa5+ 12. Qd2 Qxd2+ 13. Kxd2 Bxd3 14. Kxd3
Nf6 15. Ne5 Ne4 16. h4 Nxg3 17. fxg3 f6 18. Ng6 Rg8 19. Nxf8 Kxf8 20. Rhf1 Ke7
21. h5 Raf8 22. e4 g4 23. Rae1 Kd7 24. a4 Rg5 25. e5 Rxh5 26. Rxf6 Rxf6 27.
exf6 Rf5 28. b4 Rxf6 29. b5 Rf2 30. Re2 Rxe2 31. Kxe2 b6 32. cxb6 axb6 33.
bxc6+ Kxc6 34. Ke3 Kd6 35. Kf4 h5 36. Ke3 e5 37. dxe5+ Kxe5 38. Kd3 Kd6 39. Kc3
Kc5 40. Kd3 Kb4 41. Kd4 Kxa4 42. Kxd5 b5 43. Kc5 b4 44. Kc4 Ka3 45. Kd3 Ka2 0-1

[Event "27. Torneo San Viator 2016 - Troneo B"]
[Site "Madrid ESP"]
[Date "2016.09.25"]
[Round "1.32"]
[White "Prieto Gonzalez, Cesar"]
[Black "Garcia Pumarega, Cesar"]
[Result "1-0"]
[WhiteElo "1503"]
[BlackElo "1274"]
[PlyCount "77"]
[EventDate "2016.09.25"]
[EventType "swiss"]
[EventRounds "9"]
[EventCountry "ESP"]
[Source "lmi"]
[SourceDate "2016.09.25"]

1. e4 c5 2. Nc3 d6 3. f4 Nc6 4. Nf3 f6 5. Bc4 Bd7 6. d4 cxd4 7. Nxd4 Bg4 8. Qd2
Nxd4 9. Qxd4 e5 10. Qd5 Qe7 11. f5 O-O-O 12. Be3 a6 13. Bb6 Rd7 14. Qa5 Qe8 15.
Nd5 Ne7 16. Ne3 Bh5 17. Be6 Nc6 18. Qc3 Bf7 19. Bxd7+ Qxd7 20. O-O-O Bh5 21. g4
Bf7 22. Nd5 Kb8 23. Bc7+ Kc8 24. Nb6+ Kxc7 25. Nxd7 Kxd7 26. Kb1 Be7 27. Rd2
Rd8 28. Rhd1 Ke8 29. Qe3 Kf8 30. c3 Kg8 31. h4 h6 32. Qb6 Rb8 33. b3 Bd8 34.
Qe3 Be7 35. Rh1 Kh7 36. g5 fxg5 37. hxg5 Rf8 38. g6+ Kh8 39. Rxh6+ 1-0

[Event "27. Torneo San Viator 2016 - Troneo B"]
[Site "Madrid ESP"]
[Date "2016.10.02"]
[Round "2.1"]
[White "Del Rio Perezagua, Mario"]
[Black "Rodriguez Nieto, Miguel"]
[Result "1-0"]
[WhiteElo "1600"]
[BlackElo "1749"]
[PlyCount "53"]
[EventDate "2016.09.25"]
[EventType "swiss"]
[EventRounds "9"]
[EventCountry "ESP"]
[Source "lmi"]
[SourceDate "2016.09.25"]

1. Nf3 c5 2. g3 d5 3. Bg2 Nf6 4. O-O g6 5. d3 Bg7 6. Nbd2 O-O 7. e4 Nc6 8. c3
Bg4 9. h3 Bd7 10. Qe2 dxe4 11. dxe4 Qc8 12. Kh2 Qc7 13. e5 Nd5 14. Ng5 e6 15.
f4 Nce7 16. a4 Rad8 17. Nc4 h6 18. Ne4 b5 19. axb5 Bxb5 20. Ned6 Bc6 21. Qf2
Ba8 22. Ra5 Nc8 23. Rxc5 Qd7 24. Ra5 Ncb6 25. Nxb6 Nxb6 26. Be3 Bxg2 27. Qxg2
1-0

[Event "27. Torneo San Viator 2016 - Troneo B"]
[Site "Madrid ESP"]
[Date "2016.10.02"]
[Round "2.2"]
[White "Perez Sempere, Alberto"]
[Black "Ghavami, Mahmoud"]
[Result "1-0"]
[WhiteElo "1748"]
[BlackElo "1592"]
[PlyCount "62"]
[EventDate "2016.09.25"]
[EventType "swiss"]
[EventRounds "9"]
[EventCountry "ESP"]
[Source "lmi"]
[SourceDate "2016.09.25"]

1. e4 g6 2. d4 Bg7 3. Nf3 d6 4. Be2 Nf6 5. Nc3 Bg4 6. Be3 a6 7. a4 O-O 8. O-O
Nbd7 9. h3 Bxf3 10. Bxf3 e5 11. d5 h6 12. Qd2 Kh7 13. Rfe1 Nb6 14. b3 Nbd7 15.
a5 Qe7 16. b4 b5 17. Rad1 Rac8 18. g3 Ng8 19. Qe2 Ndf6 20. Kg2 Rfd8 21. Rh1 c5
22. dxc6 Rxc6 23. Nd5 Nxd5 24. Rxd5 Rdc8 25. Rd2 Nf6 26. Rhd1 Bf8 27. Bb6 Qe6
28. Rb1 Qc4 29. Qd3 Qa2 30. Qb3 Qxb3 31. cxb3 Rc3 1-0

[Event "27. Torneo San Viator 2016 - Troneo B"]
[Site "Madrid ESP"]
[Date "2016.10.02"]
[Round "2.3"]
[White "Corral Sanchez, Jesus"]
[Black "Jimenez Alvaro, Angel"]
[Result "0-1"]
[WhiteElo "1581"]
[BlackElo "1743"]
[PlyCount "88"]
[EventDate "2016.09.25"]
[EventType "swiss"]
[EventRounds "9"]
[EventCountry "ESP"]
[Source "lmi"]
[SourceDate "2016.09.25"]

1. c4 f5 2. Nf3 e6 3. Nc3 Nf6 4. d4 Be7 5. e3 b6 6. Be2 O-O 7. O-O Bb7 8. a3
Ne4 9. Qc2 d5 10. Ne5 Nd7 11. Nxd7 Qxd7 12. Nxe4 fxe4 13. Bd2 c5 14. Bc3 Rf6
15. dxc5 Rh6 16. cxb6 Bd6 17. h3 axb6 18. b3 Rg6 19. Qb2 Qc7 20. Kh1 Rf8 21.
Rac1 Qe7 22. Bb4 Qg5 23. g4 Bxb4 24. axb4 Qh4 25. Qe5 Qxh3+ 26. Qh2 Qxh2+ 27.
Kxh2 Rgf6 28. Kg3 g5 29. c5 Rc8 30. Rc2 e5 31. Rfc1 d4 32. Bc4+ Kf8 33. cxb6 d3
34. Rd2 Rxb6 35. Ra1 Rxb4 36. Ra5 Re8 37. Rc5 Re7 38. Ra5 Ke8 39. Kg2 Kd7 40.
Kf1 Kd6 41. Rda2 Bc8 42. Rd5+ Kc6 43. Raa5 Bxg4 44. Ke1 Bf5 0-1

[Event "27. Torneo San Viator 2016 - Troneo B"]
[Site "Madrid ESP"]
[Date "2016.10.02"]
[Round "2.4"]
[White "Perez Mondejar, Adler"]
[Black "Alameda Arellano, Cristeto"]
[Result "1-0"]
[WhiteElo "1734"]
[BlackElo "1550"]
[PlyCount "95"]
[EventDate "2016.09.25"]
[EventType "swiss"]
[EventRounds "9"]
[EventCountry "ESP"]
[Source "lmi"]
[SourceDate "2016.09.25"]

1. e4 c6 2. d4 d5 3. exd5 cxd5 4. Nf3 Bg4 5. Be2 Nf6 6. O-O e6 7. Nc3 Be7 8.
Ne5 Bxe2 9. Qxe2 Nc6 10. Qb5 Qc8 11. Bf4 O-O 12. Rad1 Nh5 13. Be3 Bd6 14. Qe2
Nf6 15. Bg5 Nd7 16. Nxc6 Qxc6 17. Qg4 Rfe8 18. Bh6 Bf8 19. f4 Kh8 20. Bg5 h6
21. Rd3 g6 22. Rff3 Bg7 23. Rh3 h5 24. Rxh5+ gxh5 25. Qxh5+ Kg8 26. Bh6 Bxh6
27. Qxh6 Nf8 28. Rg3+ Ng6 29. h4 Qb6 30. Ne2 Qd6 31. h5 Qf8 32. Qg5 Qe7 33. Qg4
Qf6 34. hxg6 fxg6 35. Qxg6+ Qxg6 36. Rxg6+ Kf7 37. Rg5 Rg8 38. Re5 Rac8 39. c3
Rcd8 40. Nc1 Rg4 41. Nd3 b6 42. Re3 Rdg8 43. Ne5+ Kf6 44. Nxg4+ Rxg4 45. g3 b5
46. Kf2 Kf5 47. Kf3 a5 48. Re5+ 1-0

[Event "27. Torneo San Viator 2016 - Troneo B"]
[Site "Madrid ESP"]
[Date "2016.10.02"]
[Round "2.5"]
[White "Salgado Duarte, Pablo"]
[Black "Navarro Gonzalez, Jaime"]
[Result "0-1"]
[WhiteElo "1571"]
[BlackElo "1733"]
[PlyCount "40"]
[EventDate "2016.09.25"]
[EventType "swiss"]
[EventRounds "9"]
[EventCountry "ESP"]
[Source "lmi"]
[SourceDate "2016.09.25"]

1. d4 Nf6 2. c4 c5 3. d5 b5 4. Bg5 Ne4 5. Bh4 Qa5+ 6. Nd2 bxc4 7. Qc2 c3 8.
Qxe4 cxd2+ 9. Kd1 d6 10. Nf3 Bd7 11. Nxd2 Na6 12. Nb3 Ba4 13. Qc4 Rb8 14. Rc1
Rb4 15. Qc2 Rd4+ 16. Nxd4 Bxc2+ 17. Nxc2 Nb4 18. Bg5 Nxc2 19. Rxc2 Qxa2 20. Rd2
Qb1# 0-1

[Event "27. Torneo San Viator 2016 - Troneo B"]
[Site "Madrid ESP"]
[Date "2016.10.02"]
[Round "2.6"]
[White "Franco Rincon, David"]
[Black "Prieto Gonzalez, Cesar"]
[Result "1-0"]
[WhiteElo "1728"]
[BlackElo "1503"]
[PlyCount "111"]
[EventDate "2016.09.25"]
[EventType "swiss"]
[EventRounds "9"]
[EventCountry "ESP"]
[Source "lmi"]
[SourceDate "2016.09.25"]

1. b4 d6 2. Bb2 Nf6 3. e3 Nbd7 4. Nf3 e5 5. c4 b6 6. Be2 Bb7 7. O-O g6 8. d3
Bg7 9. Qb3 O-O 10. Nbd2 a5 11. a3 Kh8 12. Bc3 axb4 13. axb4 Ng8 14. Qb2 f5 15.
Ne1 Qe7 16. Bf3 Rxa1 17. Qxa1 Ra8 18. Qb2 Bxf3 19. Ndxf3 Bf6 20. Nc2 e4 21.
dxe4 fxe4 22. Nfd4 Qe5 23. Ne2 Qe7 24. Ncd4 Ne5 25. Qb3 Qf7 26. Nb5 Qe7 27. Nf4
c6 28. Nd4 Qe8 29. Rd1 g5 30. Nfe6 Qe7 31. f4 exf3 32. gxf3 Nxf3+ 33. Nxf3 Qxe6
34. Kf2 Rd8 35. Nxg5 Qf5+ 36. Nf3 Bxc3 37. Qxc3+ Qf6 38. Qxf6+ Nxf6 39. Ne5 Kg7
40. Nxc6 Rd7 41. Ke2 Kf8 42. Nd4 Ke7 43. Rg1 Kf7 44. Nf5 Ke6 45. Rf1 d5 46.
Nd4+ Ke7 47. c5 bxc5 48. bxc5 Rc7 49. c6 h5 50. h3 Kf7 51. Kd3 Ke7 52. Kc3 Rc8
53. Kb4 Rb8+ 54. Kc5 Rb2 55. Rg1 Kf7 56. c7 1-0

[Event "27. Torneo San Viator 2016 - Troneo B"]
[Site "Madrid ESP"]
[Date "2016.10.02"]
[Round "2.7"]
[White "Alcojor Patilla, Antonio"]
[Black "Merino Araguas, Jose Javier"]
[Result "1-0"]
[WhiteElo "1521"]
[BlackElo "1718"]
[PlyCount "83"]
[EventDate "2016.09.25"]
[EventType "swiss"]
[EventRounds "9"]
[EventCountry "ESP"]
[Source "lmi"]
[SourceDate "2016.09.25"]

1. e4 e6 2. d4 d5 3. e5 c5 4. f4 Nc6 5. c3 cxd4 6. cxd4 Qb6 7. Nf3 Bd7 8. Nc3
Bb4 9. Be3 Nge7 10. Bd3 Nf5 11. Bxf5 exf5 12. O-O Be6 13. Qb3 Bxc3 14. bxc3
Qxb3 15. axb3 O-O 16. Rfd1 Rfd8 17. Ne1 b6 18. Rd3 Na5 19. Rb1 Rdc8 20. Nc2 Rc7
21. Bd2 Rac8 22. Na3 a6 23. b4 Nc4 24. Nxc4 Rxc4 25. Ra1 Ra8 26. Re3 a5 27.
bxa5 bxa5 28. Ree1 a4 29. Reb1 h6 30. Ra3 Ra7 31. Rb4 Ra8 32. Kf2 Rxb4 33. cxb4
Bd7 34. Kf3 Rc8 35. Rc3 Ra8 36. Bc1 Bb5 37. Ba3 Bc4 38. h3 Ra6 39. g4 fxg4+ 40.
hxg4 Rc6 41. Kg2 Kf8 42. b5+ 1-0

[Event "27. Torneo San Viator 2016 - Troneo B"]
[Site "Madrid ESP"]
[Date "2016.10.02"]
[Round "2.9"]
[White "Krause Llorente, Paul"]
[Black "San Felipe Gonzalez, Tomas"]
[Result "0-1"]
[WhiteElo "1510"]
[BlackElo "1712"]
[PlyCount "152"]
[EventDate "2016.09.25"]
[EventType "swiss"]
[EventRounds "9"]
[EventCountry "ESP"]
[Source "lmi"]
[SourceDate "2016.09.25"]

1. d4 d5 2. Nc3 Nf6 3. Bf4 Bf5 4. e3 e6 5. Nb5 Na6 6. a3 c6 7. Nc3 Bd6 8. Bg3
Ne4 9. Nxe4 Bxe4 10. f3 Bg6 11. Bd3 Bxd3 12. Qxd3 Qa5+ 13. Kf2 Qc7 14. Nh3 h5
15. Bf4 c5 16. dxc5 Nxc5 17. Qb5+ Ke7 18. Bxd6+ Kxd6 19. Rhd1 Qc6 20. Qb4 a5
21. Qd4 e5 22. Qd2 e4 23. Nf4 Rad8 24. Qxd5+ Kc7 25. Qxf7+ Nd7 26. Nd5+ Kb8 27.
Nc3 exf3 28. Qxf3 Rdf8 29. Qxf8+ Rxf8+ 30. Kg1 Ne5 31. Rd5 Nc4 32. Rxh5 Qf6 33.
Ne4 Qg6 34. Ng3 b6 35. e4 Nxb2 36. Rb1 Nc4 37. Rhb5 Kc7 38. R1b3 Qf6 39. Rb1
Nxa3 40. Rf5 Qd4+ 41. Kh1 Rxf5 42. Nxf5 Qxe4 43. Rf1 g6 44. Ng3 Qxc2 45. Rf7+
Kc6 46. h3 Kb5 47. Re7 Nc4 48. Rc7 a4 49. Kh2 a3 50. Nf1 Qd3 51. Ng3 a2 52. Ra7
Na5 53. Rf7 a1=Q 54. Rf8 Qdd4 55. Ne2 Qe5+ 56. Ng3 Qec3 57. Rf3 Qxf3 58. gxf3
Qb2+ 59. Kg1 Nc4 60. Ne4 Ne3 61. Nf2 Ka6 62. h4 b5 63. f4 b4 64. f5 Nxf5 65. h5
gxh5 66. Kf1 Qxf2+ 67. Kxf2 b3 68. Kf3 b2 69. Kf4 b1=Q 70. Kg5 h4 71. Kf4 h3
72. Kg5 h2 73. Kf6 h1=Q 74. Ke5 Qbe4+ 75. Kf6 Qhh4+ 76. Kg6 Qe6# 0-1

[Event "27. Torneo San Viator 2016 - Troneo B"]
[Site "Madrid ESP"]
[Date "2016.10.02"]
[Round "2.11"]
[White "Berlana San Segundo, Miguel"]
[Black "Sanchez Ortega, Ivan"]
[Result "0-1"]
[WhiteElo "1440"]
[BlackElo "1673"]
[PlyCount "94"]
[EventDate "2016.09.25"]
[EventType "swiss"]
[EventRounds "9"]
[EventCountry "ESP"]
[Source "lmi"]
[SourceDate "2016.09.25"]

1. e4 e5 2. Nf3 Nc6 3. Nc3 Nf6 4. Bc4 Bc5 5. d3 h6 6. h3 d6 7. O-O Na5 8. Bd5
c6 9. Bb3 O-O 10. Qe2 a6 11. Na4 Ba7 12. Be3 Bxe3 13. Qxe3 Nxb3 14. axb3 Be6
15. Rfd1 c5 16. c4 Nh5 17. Nc3 Nf4 18. Kh2 Qd7 19. Ng1 Qe7 20. Nce2 Ng6 21. Nf3
f5 22. exf5 Rxf5 23. Ng3 Rff8 24. Qe4 Nf4 25. Rf1 Qf7 26. Ng1 Rab8 27. N3e2 Bf5
28. Qf3 Bxd3 29. Rad1 e4 30. Qe3 b5 31. f3 Nxe2 32. Nxe2 bxc4 33. fxe4 Qe6 34.
Rxf8+ Rxf8 35. bxc4 Bxc4 36. Rb1 Qe5+ 37. Kg1 d5 38. b3 Bxe2 39. Qxe2 Qxe4 40.
Qxe4 dxe4 41. Re1 Rb8 42. Re3 Rb4 43. Kf2 Kf7 44. Ke2 Ke6 45. Kd2 Kd5 46. Kc3
a5 47. g4 a4 0-1

[Event "27. Torneo San Viator 2016 - Troneo B"]
[Site "Madrid ESP"]
[Date "2016.10.02"]
[Round "2.12"]
[White "Marcelo De La Mata, Daniel"]
[Black "Gomez Logrosan, Cristian"]
[Result "1-0"]
[WhiteElo "1661"]
[BlackElo "1309"]
[PlyCount "73"]
[EventDate "2016.09.25"]
[EventType "swiss"]
[EventRounds "9"]
[EventCountry "ESP"]
[Source "lmi"]
[SourceDate "2016.09.25"]

1. e4 c6 2. d4 d5 3. Nd2 dxe4 4. Nxe4 Bf5 5. Ng3 Bg6 6. Nf3 Nd7 7. h4 h6 8. h5
Bh7 9. Bd3 Bxd3 10. Qxd3 Qc7 11. Bd2 Ngf6 12. O-O-O e6 13. c4 O-O-O 14. Qe2 Bd6
15. Ne4 Nxe4 16. Qxe4 Nf6 17. Qe2 Rhe8 18. Bc3 Qe7 19. Ne5 Bxe5 20. dxe5 Rxd1+
21. Rxd1 Nd7 22. f4 Nb6 23. b3 Rd8 24. Rxd8+ Qxd8 25. Qd2 Qh4 26. Bb4 Nd7 27.
Bd6 Qxh5 28. Qa5 Qh1+ 29. Kb2 Qxg2+ 30. Ka3 Nb6 31. Qxa7 Nxc4+ 32. bxc4 Qg3+
33. Ka4 b5+ 34. Ka5 Qe1+ 35. Kb6 Qe3+ 36. Bc5 Qd3 37. Qc7# 1-0

[Event "27. Torneo San Viator 2016 - Troneo B"]
[Site "Madrid ESP"]
[Date "2016.10.02"]
[Round "2.13"]
[White "Bustos Bernardo, Diego"]
[Black "Fernandez Estremera, Fernando"]
[Result "0-1"]
[WhiteElo "1435"]
[BlackElo "1652"]
[PlyCount "120"]
[EventDate "2016.09.25"]
[EventType "swiss"]
[EventRounds "9"]
[EventCountry "ESP"]
[Source "lmi"]
[SourceDate "2016.09.25"]

1. Nf3 Nf6 2. c4 e6 3. Nc3 b6 4. d4 Bb4 5. Bg5 h6 6. Bh4 Bb7 7. e3 O-O 8. Bd3
d6 9. O-O Bxc3 10. bxc3 Nbd7 11. Nd2 c5 12. Qc2 Qc7 13. Rac1 Rfe8 14. Ne4 Nxe4
15. Bxe4 Bxe4 16. Qxe4 Rac8 17. Bg3 Nf6 18. Qf4 Red8 19. Bh4 Qe7 20. Bxf6 Qxf6
21. Qxf6 gxf6 22. f4 cxd4 23. cxd4 Rc7 24. Rf2 Rdc8 25. Rfc2 d5 26. c5 bxc5 27.
dxc5 Kf8 28. Kf2 Ke7 29. Ke2 e5 30. Kd3 Ke6 31. g4 f5 32. fxe5 Kxe5 33. gxf5
Rb8 34. a3 Rg8 35. h3 Rg3 36. Rh2 d4 37. Re2 Rxh3 38. Kd2 dxe3+ 39. Rxe3+ Rxe3
40. Kxe3 Kd5 41. Rh1 Rc6 42. Rh5 Kxc5 43. f6+ Kd6 44. Rxh6 Rc3+ 45. Kf4 Rxa3
46. Kf5 Ra5+ 47. Kf4 Ke6 48. Ke4 Rf5 49. Rh2 a5 50. Ra2 Kxf6 51. Ra4 Rb5 52.
Kf3 Ke6 53. Re4+ Kd6 54. Rf4 Rb7 55. Ra4 Ra7 56. Ke4 Kc5 57. Kd3 Kb5 58. Ra2
Rc7 59. Rb2+ Ka6 60. Ra2 Kb6 0-1

[Event "27. Torneo San Viator 2016 - Troneo B"]
[Site "Madrid ESP"]
[Date "2016.10.02"]
[Round "2.14"]
[White "Soria Martinez, Daniel"]
[Black "Tudela Garcia, Antonio"]
[Result "1/2-1/2"]
[WhiteElo "1414"]
[BlackElo "1648"]
[PlyCount "77"]
[EventDate "2016.09.25"]
[EventType "swiss"]
[EventRounds "9"]
[EventCountry "ESP"]
[Source "lmi"]
[SourceDate "2016.09.25"]

1. e4 e5 2. Nf3 Nc6 3. Bc4 Be7 4. d3 d6 5. c3 Na5 6. Bb5+ c6 7. Ba4 b5 8. Bc2
Be6 9. Nbd2 Bf6 10. O-O Ne7 11. d4 Ng6 12. h3 O-O 13. Re1 h6 14. Nf1 c5 15. d5
Bd7 16. Ng3 Be7 17. Nf5 Bxf5 18. exf5 Nf4 19. Re4 Bg5 20. Nxg5 hxg5 21. Kh2 Qf6
22. g3 Nxh3 23. Kxh3 Qxf5+ 24. Kg2 Qd7 25. Bxg5 f5 26. Rh4 Qf7 27. b3 Qg6 28.
Qh5 Qxh5 29. Rxh5 Nb7 30. Rah1 Kf7 31. Be3 Nd8 32. Bxf5 Ke8 33. Rh7 Rxf5 34.
Rxg7 Rf8 35. Bg5 Nf7 36. Bf6 Rc8 37. Rhh7 Rc7 38. Rg4 Rd7 39. f4 1/2-1/2

[Event "27. Torneo San Viator 2016 - Troneo B"]
[Site "Madrid ESP"]
[Date "2016.10.02"]
[Round "2.15"]
[White "Baranco Gonzalez, Nicolas"]
[Black "Mateos Cordero, Francisco"]
[Result "0-1"]
[WhiteElo "1300"]
[BlackElo "1637"]
[PlyCount "86"]
[EventDate "2016.09.25"]
[EventType "swiss"]
[EventRounds "9"]
[EventCountry "ESP"]
[Source "lmi"]
[SourceDate "2016.09.25"]

1. e4 c5 2. Nf3 e6 3. Nc3 a6 4. h3 Nc6 5. b3 Be7 6. e5 Qc7 7. Bb2 Nxe5 8. Nxe5
Qxe5+ 9. Be2 Bf6 10. O-O Qc7 11. Re1 b5 12. Rb1 Bb7 13. Bf3 Ne7 14. Bxb7 Qxb7
15. Ne4 Qc6 16. Nxf6+ gxf6 17. Bxf6 Rg8 18. f3 Nd5 19. Be5 d6 20. Bh2 Ne7 21.
d3 Nf5 22. Rf1 Ne3 23. Qd2 Rxg2+ 24. Qxg2 Nxg2 25. Kxg2 Ke7 26. c4 Rg8+ 27. Kh1
e5 28. Rbe1 Qd7 29. Rg1 Rxg1+ 30. Kxg1 Qxh3 31. f4 Qg4+ 32. Kh1 Qf3+ 33. Kg1 f6
34. cxb5 axb5 35. a4 Qxd3 36. a5 Qc3 37. Re2 Qxa5 38. fxe5 dxe5 39. Bg3 Qc3 40.
Kf2 Qxb3 41. Bh4 Ke6 42. Re3 Qc4 43. Bg3 b4 0-1

[Event "27. Torneo San Viator 2016 - Troneo B"]
[Site "Madrid ESP"]
[Date "2016.10.02"]
[Round "2.16"]
[White "Casado Salvo, Jose Maria"]
[Black "Giron Herranz, Juan"]
[Result "1/2-1/2"]
[WhiteElo "1629"]
[BlackElo "1241"]
[PlyCount "102"]
[EventDate "2016.09.25"]
[EventType "swiss"]
[EventRounds "9"]
[EventCountry "ESP"]
[Source "lmi"]
[SourceDate "2016.09.25"]

1. b3 e5 2. Bb2 Nc6 3. e3 d5 4. Bb5 Nge7 5. Bxe5 a6 6. Bxc6+ Nxc6 7. Bb2 f6 8.
Ne2 Bd6 9. d3 Qe7 10. Nd2 b6 11. h3 Bb7 12. Nf3 O-O-O 13. Ned4 Nxd4 14. Nxd4
Be5 15. Qg4+ Kb8 16. O-O-O Bxd4 17. Qxd4 c5 18. Qf4+ Qc7 19. Qxc7+ Kxc7 20. f3
Rhe8 21. Rhe1 Rd7 22. d4 Rde7 23. Kd2 Kd6 24. c4 a5 25. Rc1 Bc6 26. Ba3 Rc7 27.
dxc5+ bxc5 28. cxd5 Bxd5 29. Rc3 Rec8 30. Rec1 Bf7 31. e4 Be8 32. Ke3 g6 33. h4
h6 34. g3 Bf7 35. f4 Be8 36. e5+ fxe5 37. fxe5+ Kxe5 38. Rxc5+ Rxc5 39. Rxc5+
Rxc5 40. Bxc5 Bf7 41. Kd3 a4 42. bxa4 Bxa2 43. a5 Bd5 44. a6 Kf5 45. Be3 h5 46.
Bf4 Ke6 47. Kd4 Bf3 48. Kc5 Kd7 49. Kd4 Kc8 50. Bd6 Bg2 51. Ke5 Bh3 1/2-1/2

[Event "27. Torneo San Viator 2016 - Troneo B"]
[Site "Madrid ESP"]
[Date "2016.10.02"]
[Round "2.17"]
[White "Pedraza Del Toro, Marcos"]
[Black "Fernandez Garcia, Emilio"]
[Result "0-1"]
[WhiteElo "1091"]
[BlackElo "1614"]
[PlyCount "70"]
[EventDate "2016.09.25"]
[EventType "swiss"]
[EventRounds "9"]
[EventCountry "ESP"]
[Source "lmi"]
[SourceDate "2016.09.25"]

1. e4 c5 2. Nf3 d6 3. Bc4 e6 4. d4 cxd4 5. Qxd4 Nc6 6. Bb5 Bd7 7. Bxc6 Bxc6 8.
O-O Nf6 9. Nc3 Be7 10. Qd3 O-O 11. e5 Nd5 12. Ne4 dxe5 13. Nxe5 Nb4 14. Qxd8
Rfxd8 15. Nxc6 Nxc6 16. Bg5 Bxg5 17. Nxg5 Rd2 18. Rac1 Rad8 19. Ne4 R2d4 20.
Nc5 b6 21. c3 Rd2 22. Ne4 Rxb2 23. Ra1 f5 24. Ng5 e5 25. Rfb1 Rxb1+ 26. Rxb1 h6
27. Ne6 Rd2 28. g3 Kf7 29. Nc7 e4 30. a3 Ne5 31. Rb5 Nf3+ 32. Kf1 Nxh2+ 33. Ke1
Nf3+ 34. Kf1 Rd1+ 35. Ke2 Re1# 0-1